000 00774nam1a22002291 4500
001 rc\3061021
005 20111012202723.0
035 _a(NLR Aleph) 007199731
090 _a7620378
_c7620378
100 _a20111012d1941 |||y0rusy50 ca
101 0 _arus
102 _aRU
105 _ay z |||||
200 1 _aК истории советского строительства в Таджикистане (1920-1929 гг.)
_eСборник документов. Ч. 1-
_fАрхивный отд. НКВД Тадж. ССР
210 _aСталинабад
_cТадж. гос. изд-во
_d1941
215 _d22 см
700 1 _aФаньян
_bД. К.
801 0 _aRU
_bNLR
_gpsbo
801 1 _aRU
_bELAR
_2rusmarc
852 _aNLR
_bМф
_jК1/158
942 _cBOOK
980 _aNB